| 000 | 00444nam a2200157 i 4500 | ||
|---|---|---|---|
| 001 | 24464 | ||
| 003 | ES-MaACL | ||
| 005 | 20230906153043.0 | ||
| 007 | t| | ||
| 008 | 021217s1967 sp ||||1| spa d | ||
| 100 | 1 |
_aApalategui Aguirre, Ascensión. _922033 |
|
| 245 | 1 | 3 |
_aEl programa / _cpor Ascensión Apalategui. |
| 260 |
_a[Zarauz : _bs.n., _c1967] ( _fImp. Icharopena) |
||
| 300 |
_a75 p. ; _c18 cm. |
||
| 852 |
_aES-MaACL _jC-33658 _bR.64349 |
||
| 999 |
_c24464 _d24464 |
||